| 000 | 00000nam 2200000zi 4500 |
| 001 | 9.945100 |
| 003 | CaOODSP |
| 005 | 20241125132038 |
| 006 | m o d f |
| 007 | cr bn||||||||| |
| 008 | 241113s1981####onc o f000 0 eng d |
| 040 | |aCaOODSP|beng|erda|cCaOODSP |
| 043 | |an-cn--- |
| 086 | 1 |aE2-100/1981E-PDF |
| 110 | 1 |aCanada. |bDepartment of External Affairs, |eauthor, |eissuing body. |
| 245 | 10|aGovernment response to the report of the Parliamentary Task Force on North-South Relations. |
| 264 | 1|a[Ottawa] : |bExternal Affairs Canada = Affaires extérieures Canada, |c[1981] |
| 300 | |a1 online resource (11 pages) |
| 336 | |atext|btxt|2rdacontent |
| 337 | |acomputer|bc|2rdamedia |
| 338 | |aonline resource|bcr|2rdacarrier |
| 500 | |aIssued also in French under title: Réponse du gouvernement au rapport du Groupe de travail parlementaire sur les relations Nord-Sud. |
| 500 | |aDigitized edition from print [produced by Government of Canada Publications Directorate]. |
| 650 | 0|aInternational relations. |
| 650 | 0|aInternational economic relations. |
| 710 | 1 |aCanada. |bParliament. |bHouse of Commons. |bParliamentary Task Force on North-South Relations, |eissuing body. |
| 775 | 08|tRéponse du gouvernement au rapport du groupe de travail parlementaire sur les relations Nord-Sud.|w(CaOODSP)9.945521 |
| 856 | 40|qPDF|s796 KB|uhttps://publications.gc.ca/collections/collection_2024/amc-gac/E2-100-1981-eng.pdf |